00534 2200181 4500001002100000005001500021035002000036007000300056008004100059020002200100082001000122084001600132100002100148245007700169260004900246300004100295990001600336INLIS00000000000047620210108080744 a0010-0121000015ta210108 0 ind  a978-602-1580-64-6 a303.4 a303.4 FIT k0 aFitria Wijayanti1 aGlobalisasi :bSeri Pengayaan Pembelajaran Sosiologi /cFitria Wijayanti aSurakarta :bPT Aksarra Sinergi Media,c2018 avi + 58 hlm :bilus. ;c21 x 29.7 cm a00000009361